La Plena - Beéle, Westcol, Ovy On The Drums - Estadísticas

Estadísticas generales
  • Esta prueba ha sido intentada 38 veces
  • La puntuación promedio es 256 de 327
Estadísticas de respuestas
Letra % Correcto
a
100%
la
100%
La
100%
Las
100%
lo
100%
me
100%
Me
100%
100%
mi
100%
No
100%
no
100%
pa
100%
Pa
100%
que
100%
qué
100%
Qué
100%
quiero
100%
Quiero
100%
100%
100%
Se
100%
te
100%
Te
100%
100%
100%
tu
100%
U
100%
u
100%
y
100%
Y
100%
de
91%
mis
91%
Plena
91%
su
91%
un
91%
yo
91%
calmar
82%
como
82%
Cuando
82%
cuando
82%
el
82%
En
82%
Eres
82%
eres
82%
Es
82%
por
82%
Por
82%
sed
82%
si
82%
82%
Si
82%
ti
82%
tienes
82%
todo
82%
Una
82%
una
82%
amor
73%
así
73%
cara
73%
cerveza
73%
encanta
73%
enloquece
73%
mejor
73%
niña
73%
ojos
73%
sabe
73%
sabes
73%
solo
73%
tentaciones
73%
vi
73%
al
64%
Ay
64%
bailabas
64%
besado
64%
besito
64%
boquita
64%
contigo
64%
cuellito
64%
da
64%
decir
64%
lengüita
64%
luz
64%
magia
64%
Merecen
64%
pasa
64%
pecados
64%
primera
64%
quieres
64%
ser
64%
vainita
64%
voy
64%
amanecer
55%
fue
55%
mismo
55%
Oye
55%
Siento
55%
toda
55%
ver
55%
vista
55%
ella
45%
enamoré
45%
miro
45%
nos
45%
seas
45%
veces
45%
aprieto
36%
cero
36%
claro
36%
desde
36%
diablo
36%
dices
36%
Dormir
36%
gusta
36%
hablarte
36%
infierno
36%
luego
36%
parce
36%
parcerita
36%
soba
36%
Vamos
36%
viene
36%
coleto
27%
costeño
27%
digo
27%
embobas
27%
hacerte
27%
uuu
27%
veneno
27%
vernos
27%
vienes
27%
visaje
27%
baldosa
18%
parchamos
18%
puro
18%
sóbelove
18%
No se encontraron pruebas coincidentes
Distribución de puntuación
Porcentaje de gente con cada puntuación
Porcentaje por número respondido
Historial de tus puntuaciones
No has intentado esta prueba.